Statistical bases of reference values in laboratory medicine / (Record no. 4466)

MARC details
000 -LEADER
fixed length control field 01357pam a2200349 a 4500
001 - CONTROL NUMBER
control field 2086437
003 - CONTROL NUMBER IDENTIFIER
control field OSt
005 - DATE AND TIME OF LATEST TRANSACTION
control field 20160624180254.0
008 - FIXED-LENGTH DATA ELEMENTS--GENERAL INFORMATION
fixed length control field 950524s1995 nyua b 001 0 eng c
010 ## - LIBRARY OF CONGRESS CONTROL NUMBER
LC control number 95009589
020 ## - INTERNATIONAL STANDARD BOOK NUMBER
International Standard Book Number 0824793390 (acid-free paper)
040 ## - CATALOGING SOURCE
Original cataloging agency DNLM/DLC
Transcribing agency DLC
Modifying agency DLC
050 00 - LIBRARY OF CONGRESS CALL NUMBER
Classification number RB40
Item number .H325 1995
060 10 - NATIONAL LIBRARY OF MEDICINE CALL NUMBER
Classification number QY 16 H313s 1995
082 00 - DEWEY DECIMAL CLASSIFICATION NUMBER
Classification number QY 58
Item number H24s 1995
100 1# - MAIN ENTRY--PERSONAL NAME
Personal name Harris, Eugene K.,
9 (RLIN) 9587
245 10 - TITLE STATEMENT
Title Statistical bases of reference values in laboratory medicine /
Statement of responsibility, etc. Eugene K. Harris, James C. Boyd.
260 ## - PUBLICATION, DISTRIBUTION, ETC. (IMPRINT)
Place of publication, distribution, etc. New York :
Name of publisher, distributor, etc. M. Dekker,
Date of publication, distribution, etc. 1995.
300 ## - PHYSICAL DESCRIPTION
Extent xiv, 361 p. :
Other physical details ill. ;
Dimensions 24 cm.
490 1# - SERIES STATEMENT
Series statement Statistics, textbooks and monographs ;
Volume/sequential designation 146
504 ## - BIBLIOGRAPHY, ETC. NOTE
Bibliography, etc Includes bibliographical references (p. 325-352) and index.
650 #0 - SUBJECT ADDED ENTRY--TOPICAL TERM
Topical term or geographic name as entry element Reference values (Medicine)
9 (RLIN) 9588
650 12 - SUBJECT ADDED ENTRY--TOPICAL TERM
Topical term or geographic name as entry element Reference Values.
9 (RLIN) 9589
650 12 - SUBJECT ADDED ENTRY--TOPICAL TERM
Topical term or geographic name as entry element Diagnosis, Laboratory.
9 (RLIN) 904
650 22 - SUBJECT ADDED ENTRY--TOPICAL TERM
Topical term or geographic name as entry element Data Interpretation, Statistical.
9 (RLIN) 9590
700 1# - ADDED ENTRY--PERSONAL NAME
Personal name Boyd, James C.,
9 (RLIN) 9591
830 #0 - SERIES ADDED ENTRY--UNIFORM TITLE
Uniform title Statistics, textbooks and monographs ;
Volume number/sequential designation v.146.
9 (RLIN) 9592
856 42 - ELECTRONIC LOCATION AND ACCESS
Materials specified Publisher description
Uniform Resource Identifier http://www.loc.gov/catdir/enhancements/fy0647/95009589-d.html
906 ## - LOCAL DATA ELEMENT F, LDF (RLIN)
a 7
b cbc
c orignew
d 1
e ocip
f 19
g y-gencatlg
942 ## - ADDED ENTRY ELEMENTS (KOHA)
Source of classification or shelving scheme Other/Generic Classification Scheme
Koha item type Open Shelf
Holdings
Withdrawn status Lost status Source of classification or shelving scheme Damaged status Not for loan Home library Current library Date acquired Inventory number Total Checkouts Full call number Barcode Date last seen Price effective from Koha item type Source of acquisition
    Other/Generic Classification Scheme     MUST Main Library MUST Main Library 24/06/2016 2015/39449   QY 58 H24s 1995 2016-2697 24/06/2016 24/06/2016 Open Shelf  
    Other/Generic Classification Scheme     MUST Main Library MUST Main Library 22/07/2016 2011/33729   QY 58 H24s 1995 2016-3392 22/07/2016 22/07/2016 Open Shelf